| 000 | 00603nam a2200205 i 4500 | ||
|---|---|---|---|
| 001 | 78758 | ||
| 003 | ES-MaACL | ||
| 005 | 20230906173814.0 | ||
| 007 | t| | ||
| 008 | 041015s1971 sp ||||1| baq d | ||
| 245 | 0 | 0 |
_aHegatsez _b: itz-lauzko bilduma 1971 / _cSerafín Basauri, Juan San Martín. |
| 260 |
_aZarauz : _bItxaropena, _c[1971] |
||
| 300 |
_a371 p. ; _c18 cm. |
||
| 490 | 1 |
_aKuliska sorta ; _v71 |
|
| 700 | 1 |
_aBasauri, Serafín. _926253 |
|
| 700 | 1 |
_aSan Martín, Juan. _9102263 |
|
| 830 | 0 |
_aKuliska sorta ; _v71 _9182694 |
|
| 852 |
_aES-MaACL _jC-44857 _bR.80262 |
||
| 999 |
_c78758 _d78758 |
||